kku e-library facility

Key Science Chemistry (Record no. 238)

MARC details
000 -LEADER
fixed length control field 00374nam a2200133 4500
005 - DATE AND TIME OF LATEST TRANSACTION
control field 20260424120315.0
008 - FIXED-LENGTH DATA ELEMENTS--GENERAL INFORMATION
fixed length control field 260424b |||||||| |||| 00| 0 eng d
020 ## - INTERNATIONAL STANDARD BOOK NUMBER
International Standard Book Number 0-7487-1675-0
100 ## - MAIN ENTRY--PERSONAL NAME
Personal name Ramsden Eileen
245 ## - TITLE STATEMENT
Title Key Science Chemistry
Statement of responsibility, etc. /Eileen Ramsden
260 ## - PUBLICATION, DISTRIBUTION, ETC.
Place of publication, distribution, etc. England;
Name of publisher, distributor, etc. Stanley Thornes Publishers Ltd;
Date of publication, distribution, etc. 1994
300 ## - PHYSICAL DESCRIPTION
Extent x,390p.ill;
Dimensions 27cm
942 ## - ADDED ENTRY ELEMENTS (KOHA)
Source of classification or shelving scheme Library of Congress Classification
Suppress in OPAC No
Koha item type Books

No items available.

©2025 All rights reserved. KKU